000 01135namaa22003131i 4500
005 20260302123848.0
008 260113s1996 ua a|||frm||| 000 0 eng d
040 _aEG-GICUC
_beng
_cEG-GICUC
_dEG-GICUC
_erda
041 0 _aeng
_beng
_bara
049 _aDeposit
097 _aM.Sc
099 _aCai01.11.25.M.SC.1996.AS.F
100 0 _aAshraf Anwar Naguib,
_epreparation.
245 1 0 _aFloppy Baby Syndrome /
_b
_cBy Ashraf Anwar Naguib ; Supervisors Prof. Dr. Salah Bedeir, Dr. Yehia Tarraf
246 1 5 _aأمراض إرتخاء عضلات الطفل
264 0 _c1996.
300 _a118 Leaves :
_billustrations
_c30 cm. +
336 _2rda content
_atext
337 _2rdamedia
_aUnmediated
338 _2rdacarrier
_avolume
502 _aThesis (M.Sc.)-Cairo University, 1996.
504 _aBibliography: pages 96-118
653 0 _aFloppy Baby Syndrome
700 0 _aSalah Bedeir
_ethesis advisor.
700 0 _aYehia Tarraf
_ethesis advisor.
900 _DDepartment of Orthopeadics
_FFaculty of Medicine
_UCairo University
_b1996
_cSalah Bedeir
_cYehia Tarraf
905 _aNehad
_eNourhan
942 _2ddc
_cTH
_e21
_n0
999 _c177636